[Event "English Open Championship 2024"]
[Site "Holiday Inn, 212 Abbey End, Kenilworth CV8 1ED, United Kingdom"]
[Date "2024.06.22"]
[Round "5.28"]
[White "Burrows, Martin P"]
[Black "He, Tom Junde"]
[Result "1/2-1/2"]
[TimeControl "G90 + 30secs/move"]
[WhiteFideId "409057"]
[BlackFideId "488810"]
[WhiteElo "2019"]
[BlackElo "1902"]

1. e4 {[%clk 01:30:57]} {[%emt 00:00:03]} e5 {[%clk 01:30:58]} {[%emt
00:00:03]} 2. Nf3 {[%clk 01:31:16]} {[%emt 00:00:10]} Nc6 {[%clk 01:31:25]}
{[%emt 00:00:03]} 3. Bb5 {[%clk 01:31:13]} {[%emt 00:00:34]} a6 {[%clk
01:31:50]} {[%emt 00:00:05]} 4. Ba4 {[%clk 01:31:37]} {[%emt 00:00:06]} Nf6
{[%clk 01:32:16]} {[%emt 00:00:04]} 5. O-O {[%clk 01:31:54]} {[%emt 00:00:13]}
b5 {[%clk 01:32:42]} {[%emt 00:00:04]} 6. Bb3 {[%clk 01:32:17]} {[%emt
00:00:06]} Bc5 {[%clk 01:33:09]} {[%emt 00:00:03]} 7. c3 {[%clk 01:31:58]}
{[%emt 00:00:50]} d6 {[%clk 01:33:35]} {[%emt 00:00:04]} 8. a4 {[%clk
01:31:47]} {[%emt 00:00:41]} Rb8 {[%clk 01:33:37]} {[%emt 00:00:27]} 9. d4
{[%clk 01:31:34]} {[%emt 00:00:43]} Bb6 {[%clk 01:34:00]} {[%emt 00:00:08]} 10.
a5 {[%clk 01:31:45]} {[%emt 00:00:19]} Ba7 {[%clk 01:34:17]} {[%emt 00:00:13]}
11. Be3 {[%clk 01:28:46]} {[%emt 00:03:29]} Bg4 {[%clk 01:24:33]} {[%emt
00:10:13]} 12. Nbd2 {[%clk 01:26:44]} {[%emt 00:02:33]} O-O {[%clk 01:14:33]}
{[%emt 00:10:28]} 13. h3 {[%clk 01:25:44]} {[%emt 00:01:31]} Bxf3 {[%clk
01:08:46]} {[%emt 00:06:17]} 14. Nxf3 {[%clk 01:25:23]} {[%emt 00:00:51]} h6
{[%clk 01:06:02]} {[%emt 00:03:14]} 15. dxe5 {[%clk 01:20:48]} {[%emt
00:05:06]} Ne8 {[%clk 00:51:52]} {[%emt 00:14:39]} 16. Bxa7 {[%clk 01:13:24]}
{[%emt 00:07:54]} Nxa7 {[%clk 00:52:14]} {[%emt 00:00:08]} 17. Qe2 {[%clk
01:13:25]} {[%emt 00:00:29]} Qe7 {[%clk 00:51:26]} {[%emt 00:01:18]} 18. exd6
{[%clk 01:12:56]} {[%emt 00:01:00]} Nxd6 {[%clk 00:51:49]} {[%emt 00:00:07]} 19.
e5 {[%clk 01:09:17]} {[%emt 00:04:09]} Nb7 {[%clk 00:50:11]} {[%emt 00:02:08]}
20. Bc2 {[%clk 01:07:14]} {[%emt 00:02:33]} Rfe8 {[%clk 00:49:22]} {[%emt
00:01:19]} 21. Qe4 {[%clk 00:54:46]} {[%emt 00:12:58]} g6 {[%clk 00:49:33]}
{[%emt 00:00:18]} 22. Qe3 {[%clk 00:54:16]} {[%emt 00:01:00]} Nc6 {[%clk
00:48:21]} {[%emt 00:01:42]} 23. Qxh6 {[%clk 00:52:25]} {[%emt 00:02:20]} Qf8
{[%clk 00:48:31]} {[%emt 00:00:21]} 24. Qxf8+ {[%clk 00:49:21]} {[%emt
00:03:34]} Kxf8 {[%clk 00:48:36]} {[%emt 00:00:25]} 25. Rfe1 {[%clk 00:49:20]}
{[%emt 00:00:32]} Nbxa5 {[%clk 00:48:21]} {[%emt 00:00:45]} 26. e6 {[%clk
00:45:34]} {[%emt 00:04:16]} b4 {[%clk 00:45:02]} {[%emt 00:03:49]} 27. exf7
{[%clk 00:40:31]} {[%emt 00:05:33]} Rxe1+ {[%clk 00:45:19]} {[%emt 00:00:14]}
28. Rxe1 {[%clk 00:40:51]} {[%emt 00:00:10]} Kxf7 {[%clk 00:38:49]} {[%emt
00:07:00]} 29. cxb4 {[%clk 00:30:27]} {[%emt 00:10:54]} Rxb4 {[%clk 00:37:42]}
{[%emt 00:01:36]} 30. Bd3 {[%clk 00:29:57]} {[%emt 00:01:00]} Rxb2 {[%clk
00:36:04]} {[%emt 00:02:08]} 31. Bxa6 {[%clk 00:29:43]} {[%emt 00:00:44]} Nb4
{[%clk 00:32:58]} {[%emt 00:03:36]} 32. Ne5+ {[%clk 00:25:13]} {[%emt
00:05:01]} Kf6 {[%clk 00:30:41]} {[%emt 00:02:47]} 33. Bf1 {[%clk 00:23:03]}
{[%emt 00:02:39]} Rd2 {[%clk 00:21:22]} {[%emt 00:09:37]} 34. f4 {[%clk
00:22:41]} {[%emt 00:01:03]} Nac6 {[%clk 00:17:29]} {[%emt 00:04:20]} 35. Nxc6
{[%clk 00:17:30]} {[%emt 00:05:46]} Nxc6 {[%clk 00:17:52]} {[%emt 00:00:07]} 36.
Rc1 {[%emt 00:04:06]} Ne7 {[%clk 00:14:25]} 37. Rxc7 {[%clk 00:17:48]} {[%emt
00:00:32]} Nd5 {[%clk 00:14:07]} {[%emt 00:00:49]} 38. Rc6+ {[%clk 00:11:37]}
{[%emt 00:06:41]} Kf5 {[%clk 00:13:32]} {[%emt 00:01:05]} 39. g3 {[%clk
00:11:45]} {[%emt 00:00:21]} Ne3 {[%clk 00:13:06]} {[%emt 00:00:56]} 40. Rc1
{[%clk 00:04:05]} {[%emt 00:08:10]} Ke4 {[%clk 00:12:34]} {[%emt 00:01:03]} 41.
Re1 {[%clk 00:03:56]} {[%emt 00:00:38]} Kf3 {[%clk 00:12:13]} {[%emt 00:00:51]}
42. h4 {[%clk 00:02:34]} {[%emt 00:01:52]} Ng4 {[%clk 00:08:42]} {[%emt
00:04:01]} 43. Bh3 {[%clk 00:02:03]} {[%emt 00:01:02]} Nh2 {[%clk 00:07:42]}
{[%emt 00:01:30]} 44. Bc8 {[%clk 00:01:01]} {[%emt 00:01:32]} Kxg3 {[%clk
00:05:57]} {[%emt 00:02:15]} 45. Bb7 {[%clk 00:01:16]} {[%emt 00:00:14]} Ng4
{[%clk 00:04:45]} {[%emt 00:01:42]} 46. Rb1 {[%clk 00:01:17]} {[%emt 00:00:30]}
Ne3 {[%clk 00:04:14]} {[%emt 00:01:01]} 47. Be4 {[%clk 00:01:23]} {[%emt
00:00:23]} Kxf4 {[%clk 00:04:24]} {[%emt 00:00:20]} 48. Bxg6 {[%clk 00:00:49]}
{[%emt 00:01:04]} Rg2+ {[%clk 00:04:45]} {[%emt 00:00:09]} 49. Kh1 {[%clk
00:01:15]} {[%emt 00:00:04]} Rxg6 {[%clk 00:05:11]} {[%emt 00:00:03]} 50. h5
{[%clk 00:01:04]} {[%emt 00:00:41]} Rg5 {[%clk 00:05:15]} {[%emt 00:00:25]} 51.
Rb8 {[%clk 00:00:50]} {[%emt 00:00:46]} Kg3 {[%clk 00:04:29]} {[%emt 00:01:16]}
52. Kg1 {[%clk 00:01:01]} {[%emt 00:00:20]} Rf5 {[%clk 00:04:23]} {[%emt
00:00:33]} 53. Rg8+ {[%clk 00:01:16]} {[%emt 00:00:16]} Kh3 {[%clk 00:04:49]}
{[%emt 00:00:05]} 54. Kh1 {[%clk 00:01:23]} {[%emt 00:00:23]} Ng4 {[%clk
00:03:32]} {[%emt 00:01:47]} 55. Kg1 {[%clk 00:01:32]} {[%emt 00:00:22]} Rf3
{[%clk 00:03:57]} {[%emt 00:00:05]} 56. Ra8 {[%clk 00:01:03]} {[%emt 00:00:59]}
Ne3 {[%clk 00:02:01]} {[%emt 00:02:26]} 57. Ra1 {[%clk 00:01:27]} {[%emt
00:00:05]} Nf5 {[%clk 00:01:17]} {[%emt 00:01:14]} 58. h6 {[%clk 00:00:53]}
{[%emt 00:01:04]} Nxh6 {[%clk 00:01:24]} {[%emt 00:00:23]} 59. Ra2 {[%clk
00:00:52]} {[%emt 00:00:31]} Ng4 {[%clk 00:01:36]} {[%emt 00:00:19]} 60. Ra8
{[%clk 00:00:39]} {[%emt 00:00:42]} Kg3 {[%clk 00:01:32]} {[%emt 00:00:34]} 61.
Rg8 {[%clk 00:00:56]} {[%emt 00:00:14]} Rc3 {[%clk 00:01:02]} {[%emt 00:00:59]}
62. Kf1 {[%clk 00:01:17]} {[%emt 00:00:09]} Rc2 {[%clk 00:01:25]} {[%emt
00:00:07]} 63. Ke1 {[%clk 00:01:32]} {[%emt 00:00:15]} Kf3 {[%clk 00:01:40]}
{[%emt 00:00:15]} 64. Rf8+ {[%clk 00:01:49]} {[%emt 00:00:13]} Ke4 {[%clk
00:01:57]} {[%emt 00:00:08]} 65. Re8+ {[%clk 00:02:12]} {[%emt 00:00:12]} Ne5
{[%clk 00:02:18]} {[%emt 00:00:09]} 66. Kd1 {[%clk 00:02:25]} {[%emt 00:00:18]}
Rh2 {[%clk 00:02:37]} {[%emt 00:00:10]} 67. Ke1 {[%clk 00:02:37]} {[%emt
00:00:19]} Kd4 {[%clk 00:01:40]} {[%emt 00:01:24]} 68. Rd8+ {[%clk 00:02:52]}
{[%emt 00:00:18]} Ke3 {[%clk 00:02:04]} {[%emt 00:00:05]} 69. Kd1 {[%clk
00:03:04]} {[%emt 00:00:18]} Rh4 {[%clk 00:01:36]} {[%emt 00:00:54]} 70. Re8
{[%clk 00:03:09]} {[%emt 00:00:29]} Re4 {[%clk 00:01:36]} {[%emt 00:00:30]} 71.
Kc2 {[%clk 00:02:28]} {[%emt 00:01:11]} Ke2 {[%clk 00:01:36]} {[%emt 00:00:31]}
72. Rh8 {[%clk 00:01:52]} {[%emt 00:01:05]} Rc4+ {[%clk 00:01:46]} {[%emt
00:00:20]} 73. Kb3 {[%clk 00:02:20]} {[%emt 00:00:03]} Rc7 {[%clk 00:01:58]}
{[%emt 00:00:17]} 74. Re8 {[%clk 00:02:15]} {[%emt 00:00:35]} Rc5 {[%clk
00:02:15]} {[%emt 00:00:13]} 75. Kb4 {[%clk 00:02:22]} {[%emt 00:00:24]} Rd5
{[%clk 00:02:42]} {[%emt 00:00:01]} 76. Kc3 {[%clk 00:02:20]} {[%emt 00:00:34]}
Ke3 {[%clk 00:02:57]} {[%emt 00:00:14]} 77. Rh8 {[%clk 00:02:21]} {[%emt
00:00:29]} Rc5+ {[%clk 00:03:08]} {[%emt 00:00:19]} 78. Kb4 {[%clk 00:02:40]}
{[%emt 00:00:10]} Rc7 {[%clk 00:03:25]} {[%emt 00:00:13]} 79. Re8 {[%clk
00:02:41]} {[%emt 00:00:30]} Kd4 {[%clk 00:03:33]} {[%emt 00:00:23]} 80. Rd8
{[%clk 00:02:22]} {[%emt 00:00:49]} Nd7 {[%clk 00:03:47]} {[%emt 00:00:15]} 81.
Rh8 {[%clk 00:01:59]} {[%emt 00:00:52]} Rb7+ {[%clk 00:03:28]} {[%emt
00:00:50]} 82. Ka5 {[%clk 00:02:12]} {[%emt 00:00:17]} Nf6 {[%clk 00:03:14]}
{[%emt 00:00:44]} 83. Rd8+ {[%clk 00:02:11]} {[%emt 00:00:31]} Nd5 {[%clk
00:03:40]} {[%emt 00:00:03]} 84. Ka6 {[%clk 00:02:00]} {[%emt 00:00:41]} Rb2
{[%clk 00:03:42]} {[%emt 00:00:24]} 85. Rh8 {[%clk 00:01:35]} {[%emt 00:01:00]}
Kc5 {[%clk 00:03:37]} {[%emt 00:00:35]} 86. Rc8+ {[%clk 00:01:49]} {[%emt
00:00:17]} Kd6 {[%clk 00:03:48]} {[%emt 00:00:18]} 87. Rd8 {[%clk 00:01:18]}
{[%emt 00:01:02]} Kc6 {[%clk 00:04:12]} {[%emt 00:00:05]} 88. Rc8 {[%clk
00:01:21]} {[%emt 00:00:27]} Nc7+ {[%clk 00:04:39]} {[%emt 00:00:02]} 89. Ka5
{[%clk 00:01:40]} {[%emt 00:00:11]} Rb7 {[%clk 00:04:00]} {[%emt 00:01:09]} 90.
Ka4 {[%clk 00:01:50]} {[%emt 00:00:20]} Kc5 {[%clk 00:04:13]} {[%emt 00:00:18]}
91. Rh8 {[%clk 00:01:39]} {[%emt 00:00:41]} 1/2-1/2

[Event "English Open Championship 2024"]
[Site "Holiday Inn, 212 Abbey End, Kenilworth CV8 1ED, United Kingdom"]
[Date "2024.06.22"]
[Round "5.29"]
[White "Pilley, Jack"]
[Black "Damodaran, Patrick"]
[Result "1-0"]
[TimeControl "G90 + 30secs/move"]
[WhiteFideId "343403840"]
[BlackFideId "465429"]
[WhiteElo "1877"]
[BlackElo "1934"]

1. e4 {[%clk 01:30:59]} g6 {[%clk 01:30:29]} {[%emt 00:00:32]} 2. d4 {[%clk
01:31:24]} {[%emt 00:00:04]} Bg7 {[%clk 01:30:30]} {[%emt 00:00:29]} 3. Nc3
{[%clk 01:31:49]} {[%emt 00:00:06]} d6 {[%clk 01:30:03]} {[%emt 00:00:55]} 4.
f4 {[%clk 01:32:14]} {[%emt 00:00:05]} Nf6 {[%clk 01:29:16]} {[%emt 00:01:17]}
5. Nf3 {[%clk 01:32:40]} {[%emt 00:00:05]} c5 {[%clk 01:28:39]} {[%emt
00:01:07]} 6. dxc5 {[%clk 01:32:57]} {[%emt 00:00:13]} Qa5 {[%clk 01:26:50]}
{[%emt 00:02:17]} 7. Bd3 {[%clk 01:33:25]} {[%emt 00:00:04]} Qxc5 {[%clk
01:26:30]} {[%emt 00:00:51]} 8. Qe2 {[%clk 01:33:54]} {[%emt 00:00:01]} a6
{[%clk 01:25:10]} {[%emt 00:01:48]} 9. Be3 {[%clk 01:33:41]} {[%emt 00:00:43]}
Qc7 {[%clk 01:25:03]} {[%emt 00:00:36]} 10. O-O {[%clk 01:34:01]} {[%emt
00:00:12]} Nc6 {[%clk 01:24:38]} {[%emt 00:00:54]} 11. Kh1 {[%clk 01:29:05]}
{[%emt 00:05:28]} Bg4 {[%clk 01:22:33]} {[%emt 00:02:34]} 12. h3 {[%clk
01:27:20]} {[%emt 00:02:14]} Bxf3 {[%clk 01:17:32]} {[%emt 00:05:33]} 13. Qxf3
{[%clk 01:27:40]} {[%emt 00:00:09]} e6 {[%clk 01:15:46]} {[%emt 00:02:16]} 14.
Rad1 {[%clk 01:25:44]} {[%emt 00:02:26]} h5 {[%clk 01:11:07]} {[%emt 00:05:09]}
15. f5 {[%clk 01:23:59]} {[%emt 00:02:16]} O-O-O {[%clk 00:59:53]} {[%emt
00:11:43]} 16. Qg3 {[%clk 01:04:35]} {[%emt 00:19:53]} h4 {[%clk 00:56:05]}
{[%emt 00:04:19]} 17. Qf2 {[%clk 00:59:26]} {[%emt 00:05:39]} Nh5 {[%clk
00:54:10]} {[%emt 00:02:26]} 18. Ne2 {[%clk 00:57:48]} {[%emt 00:02:08]} Be5
{[%clk 00:49:22]} {[%emt 00:05:18]} 19. Bb6 {[%clk 00:55:09]} {[%emt 00:03:07]}
Qe7 {[%clk 00:39:29]} {[%emt 00:10:24]} 20. Bxd8 {[%clk 00:55:05]} {[%emt
00:00:34]} Qxd8 {[%clk 00:39:52]} {[%emt 00:00:08]} 21. fxe6 {[%clk 00:55:12]}
{[%emt 00:00:22]} fxe6 {[%clk 00:40:17]} {[%emt 00:00:05]} 22. Qf7 {[%clk
00:54:53]} {[%emt 00:00:48]} Nd4 {[%clk 00:38:58]} {[%emt 00:01:50]} 23. Rf2
{[%clk 00:25:01]} {[%emt 00:30:22]} Nxe2 {[%clk 00:31:52]} {[%emt 00:07:37]} 24.
Bxe2 {[%clk 00:25:11]} {[%emt 00:00:19]} Ng3+ {[%clk 00:32:08]} {[%emt
00:00:14]} 25. Kg1 {[%clk 00:25:39]} {[%emt 00:00:02]} Qb6 {[%clk 00:31:54]}
{[%emt 00:00:44]} 26. Bd3 {[%clk 00:21:11]} {[%emt 00:04:57]} Bd4 {[%clk
00:30:49]} {[%emt 00:01:36]} 27. c3 {[%clk 00:21:31]} {[%emt 00:00:09]} Bxf2+
{[%clk 00:29:02]} {[%emt 00:02:18]} 28. Qxf2 {[%clk 00:21:55]} {[%emt
00:00:07]} Qxf2+ {[%clk 00:28:23]} {[%emt 00:01:09]} 29. Kxf2 {[%clk 00:22:23]}
{[%emt 00:00:02]} e5 {[%clk 00:24:58]} {[%emt 00:03:55]} 30. Be2 {[%clk
00:19:29]} {[%emt 00:03:24]} Nxe4+ {[%clk 00:24:56]} {[%emt 00:00:31]} 31. Ke3
{[%clk 00:19:57]} {[%emt 00:00:02]} Ng3 {[%clk 00:25:15]} {[%emt 00:00:12]} 32.
Bd3 {[%clk 00:18:12]} {[%emt 00:02:15]} g5 {[%clk 00:24:17]} {[%emt 00:01:27]}
33. Be4 {[%clk 00:14:48]} {[%emt 00:03:54]} Kc7 {[%clk 00:23:50]} {[%emt
00:00:58]} 34. Bf3 {[%clk 00:15:09]} {[%emt 00:00:08]} Rf8 {[%clk 00:23:19]}
{[%emt 00:01:01]} 35. c4 {[%clk 00:15:17]} {[%emt 00:00:22]} Rf4 {[%clk
00:21:33]} {[%emt 00:02:16]} 36. Bd5 {[%clk 00:15:06]} {[%emt 00:00:41]} Nf5+
{[%clk 00:21:04]} {[%emt 00:00:58]} 37. Ke2 {[%clk 00:15:13]} {[%emt 00:00:23]}
Ne7 {[%clk 00:20:13]} {[%emt 00:01:21]} 38. Be6 {[%clk 00:14:23]} {[%emt
00:01:21]} Nc6 {[%clk 00:19:49]} {[%emt 00:00:54]} 39. Bd5 {[%clk 00:14:42]}
{[%emt 00:00:11]} Nb4 {[%clk 00:19:18]} {[%emt 00:01:01]} 40. Be6 {[%clk
00:14:41]} {[%emt 00:00:29]} Rf6 {[%clk 00:17:15]} {[%emt 00:02:35]} 41. Bg8
{[%clk 00:14:13]} {[%emt 00:00:57]} g4 {[%clk 00:15:34]} {[%emt 00:02:11]} 42.
a3 {[%clk 00:14:10]} {[%emt 00:00:34]} Nc6 {[%clk 00:14:32]} {[%emt 00:01:31]}
43. hxg4 {[%clk 00:14:30]} {[%emt 00:00:11]} Rg6 {[%clk 00:13:58]} {[%emt
00:01:04]} 44. Bd5 {[%clk 00:14:52]} {[%emt 00:00:08]} Rxg4 {[%clk 00:13:54]}
{[%emt 00:00:34]} 45. Rf1 {[%clk 00:14:55]} {[%emt 00:00:26]} Nd4+ {[%clk
00:13:11]} {[%emt 00:01:14]} 46. Kd3 {[%clk 00:14:40]} {[%emt 00:00:45]} Rg3+
{[%clk 00:13:21]} {[%emt 00:00:21]} 47. Kd2 {[%clk 00:13:22]} {[%emt 00:01:47]}
Nb3+ {[%clk 00:12:16]} {[%emt 00:01:35]} 48. Kc2 {[%clk 00:13:46]} {[%emt
00:00:04]} Nc5 {[%clk 00:11:55]} {[%emt 00:00:53]} 49. Rf7+ {[%clk 00:14:10]}
{[%emt 00:00:06]} Kd8 {[%clk 00:11:53]} {[%emt 00:00:31]} 50. b4 {[%clk
00:14:11]} {[%emt 00:00:30]} Nd7 {[%clk 00:11:54]} {[%emt 00:00:28]} 51. Bxb7
{[%clk 00:12:10]} {[%emt 00:02:33]} Rxa3 {[%clk 00:11:57]} {[%emt 00:00:26]} 52.
Rh7 {[%clk 00:12:27]} {[%emt 00:00:13]} Nf6 {[%clk 00:11:37]} {[%emt 00:00:50]}
53. Rxh4 {[%clk 00:12:33]} {[%emt 00:00:24]} Kc7 {[%clk 00:10:53]} {[%emt
00:01:14]} 54. Bf3 {[%clk 00:12:11]} {[%emt 00:00:51]} Re3 {[%clk 00:10:43]}
{[%emt 00:00:41]} 55. Rh6 {[%clk 00:12:16]} {[%emt 00:00:25]} Ne4 {[%clk
00:10:39]} {[%emt 00:00:34]} 56. Rh7+ {[%clk 00:11:47]} {[%emt 00:00:59]} Kb6
{[%clk 00:09:53]} {[%emt 00:01:17]} 57. Rh4 {[%clk 00:12:00]} {[%emt 00:00:15]}
Ng3 {[%clk 00:08:41]} {[%emt 00:01:43]} 58. Bd5 {[%clk 00:10:59]} {[%emt
00:01:32]} a5 {[%clk 00:07:56]} {[%emt 00:01:14]} 59. bxa5+ {[%clk 00:09:55]}
{[%emt 00:01:33]} Kxa5 {[%clk 00:08:10]} {[%emt 00:00:17]} 60. Rh6 {[%clk
00:09:27]} {[%emt 00:00:57]} Nf5 {[%clk 00:07:41]} {[%emt 00:00:59]} 61. Rf6
{[%clk 00:09:38]} {[%emt 00:00:20]} Ne7 {[%clk 00:07:42]} {[%emt 00:00:29]} 62.
Rxd6 {[%clk 00:09:13]} {[%emt 00:00:55]} Nxd5 {[%clk 00:08:04]} {[%emt
00:00:08]} 63. cxd5 {[%clk 00:09:30]} {[%emt 00:00:13]} Kb5 {[%clk 00:07:46]}
{[%emt 00:00:47]} 64. Rc6 {[%clk 00:09:51]} {[%emt 00:00:10]} Rg3 {[%clk
00:08:03]} {[%emt 00:00:14]} 65. Kd2 {[%clk 00:09:59]} {[%emt 00:00:21]} e4
{[%clk 00:08:05]} {[%emt 00:00:28]} 66. Ke2 {[%clk 00:08:46]} {[%emt 00:01:43]}
Rd3 {[%clk 00:08:24]} {[%emt 00:00:11]} 67. Rc2 {[%clk 00:08:32]} {[%emt
00:00:44]} Rxd5 {[%clk 00:08:47]} {[%emt 00:00:07]} 68. Ke3 {[%clk 00:08:59]}
{[%emt 00:00:03]} Re5 {[%clk 00:08:33]} {[%emt 00:00:44]} 69. g4 {[%clk
00:09:09]} {[%emt 00:00:20]} Rg5 {[%clk 00:07:49]} {[%emt 00:01:14]} 70. Kf4
{[%clk 00:09:24]} {[%emt 00:00:15]} Rg8 {[%clk 00:08:14]} {[%emt 00:00:06]} 71.
g5 {[%clk 00:08:57]} {[%emt 00:00:57]} e3 {[%clk 00:08:23]} {[%emt 00:00:20]}
72. Re2 {[%clk 00:09:03]} {[%emt 00:00:24]} Kc5 {[%clk 00:08:26]} {[%emt
00:00:27]} 73. Rxe3 {[%clk 00:09:28]} {[%emt 00:00:04]} Kd4 {[%clk 00:08:33]}
{[%emt 00:00:24]} 74. Re1 {[%clk 00:09:52]} {[%emt 00:00:05]} Kd5 {[%clk
00:08:39]} {[%emt 00:00:25]} 75. Kf5 {[%clk 00:10:13]} {[%emt 00:00:08]} Rf8
{[%clk 00:09:03]} {[%emt 00:00:07]} 76. Kg6 {[%clk 00:10:40]} {[%emt 00:00:03]}
Rf2 {[%clk 00:09:15]} {[%emt 00:00:18]} 77. Kg7 {[%clk 00:11:04]} {[%emt
00:00:05]} Rg2 {[%clk 00:09:26]} {[%emt 00:00:20]} 78. g6 {[%clk 00:11:32]}
{[%emt 00:00:01]} Kd6 {[%clk 00:09:38]} {[%emt 00:00:17]} 79. Kh7 {[%clk
00:11:44]} {[%emt 00:00:19]} Rh2+ {[%clk 00:09:40]} {[%emt 00:00:29]} 80. Kg8
{[%clk 00:12:09]} {[%emt 00:00:05]} Rg2 {[%clk 00:09:56]} {[%emt 00:00:14]} 81.
g7 {[%clk 00:12:36]} {[%emt 00:00:03]} Kd7 {[%clk 00:09:57]} {[%emt 00:00:28]}
82. Rh1 {[%clk 00:12:22]} {[%emt 00:00:44]} Ke7 {[%clk 00:10:09]} {[%emt
00:00:19]} 83. Kh8 {[%clk 00:12:45]} {[%emt 00:00:07]} Kf7 {[%clk 00:10:32]}
{[%emt 00:00:07]} 84. Rf1+ {[%clk 00:13:09]} {[%emt 00:00:06]} Ke7 {[%clk
00:10:51]} {[%emt 00:00:11]} 85. g8=Q {[%clk 00:13:31]} {[%emt 00:00:08]} Rxg8+
{[%clk 00:11:14]} {[%emt 00:00:07]} 86. Kxg8 {[%clk 00:13:58]} {[%emt
00:00:03]} Ke6 {[%clk 00:11:37]} {[%emt 00:00:07]} 87. Kg7 {[%clk 00:14:16]}
{[%emt 00:00:13]} Ke5 {[%clk 00:12:02]} {[%emt 00:00:05]} 88. Kf7 {[%clk
00:14:34]} {[%emt 00:00:12]} Ke4 {[%clk 00:12:28]} {[%emt 00:00:04]} 89. Ke6
{[%clk 00:15:00]} {[%emt 00:00:03]} Ke3 {[%clk 00:12:54]} {[%emt 00:00:04]} 90.
Ke5 {[%clk 00:15:27]} {[%emt 00:00:03]} Ke2 {[%clk 00:13:18]} {[%emt 00:00:06]}
91. Rf4 {[%clk 00:15:49]} {[%emt 00:00:08]} Ke3 {[%clk 00:13:44]} {[%emt
00:00:04]} 92. Rd4 {[%clk 00:16:05]} {[%emt 00:00:14]} Kf3 {[%clk 00:14:09]}
{[%emt 00:00:05]} 93. Rd3+ {[%clk 00:16:26]} {[%emt 00:00:09]} Kg4 {[%clk
00:14:35]} {[%emt 00:00:04]} 94. Re3 {[%clk 00:16:39]} {[%emt 00:00:16]} Kg5
{[%clk 00:14:58]} {[%emt 00:00:08]} 95. Rg3 {[%clk 00:17:06]} {[%emt 00:00:03]}
Kh4 {[%clk 00:15:20]} {[%emt 00:00:09]} 96. Kf4 {[%clk 00:17:28]} {[%emt
00:00:07]} Kh5 {[%clk 00:15:47]} {[%emt 00:00:03]} 97. Rg1 {[%clk 00:17:45]}
{[%emt 00:00:12]} Kh6 {[%clk 00:16:12]} {[%emt 00:00:06]} 98. Kf5 {[%clk
00:18:11]} {[%emt 00:00:04]} Kh7 {[%clk 00:16:39]} {[%emt 00:00:03]} 99. Kf6
{[%clk 00:18:36]} {[%emt 00:00:05]} Kh8 {[%clk 00:17:06]} {[%emt 00:00:02]} 100.
Kf7 {[%clk 00:18:48]} {[%emt 00:00:17]} Kh7 {[%clk 00:17:33]} {[%emt 00:00:05]}
101. Rh1 {[%clk 00:19:14]} {[%emt 00:00:04]} 1-0

[Event "English Open Championship 2024"]
[Site "Holiday Inn, 212 Abbey End, Kenilworth CV8 1ED, United Kingdom"]
[Date "2024.06.22"]
[Round "5.30"]
[White "Turner, Lewis A"]
[Black "Quillaud, Maxime"]
[Result "1-0"]
[TimeControl "G90 + 30secs/move"]
[WhiteFideId "412600"]
[BlackFideId "343272007"]
[WhiteElo "1929"]
[BlackElo "1932"]

1. e4 {[%clk 01:30:57]} {[%emt 00:00:02]} c5 {[%clk 01:30:59]} {[%emt
00:00:01]} 2. Nf3 {[%clk 01:31:20]} {[%emt 00:00:07]} d6 {[%clk 01:31:27]}
{[%emt 00:00:02]} 3. d4 {[%clk 01:31:45]} {[%emt 00:00:06]} cxd4 {[%clk
01:31:54]} {[%emt 00:00:03]} 4. Nxd4 {[%clk 01:32:10]} {[%emt 00:00:04]} Nf6
{[%clk 01:32:22]} {[%emt 00:00:03]} 5. Nc3 {[%clk 01:32:32]} {[%emt 00:00:08]}
a6 {[%clk 01:32:48]} {[%emt 00:00:04]} 6. f3 {[%clk 01:32:50]} {[%emt
00:00:11]} h5 {[%clk 01:32:44]} {[%emt 00:00:34]} 7. Be3 {[%clk 01:33:00]}
{[%emt 00:00:20]} e6 {[%clk 01:33:08]} {[%emt 00:00:06]} 8. Qd2 {[%clk
01:33:10]} {[%emt 00:00:20]} Be7 {[%clk 01:32:59]} {[%emt 00:00:40]} 9. Be2
{[%clk 01:33:21]} {[%emt 00:00:18]} Qc7 {[%clk 01:32:54]} {[%emt 00:00:35]} 10.
O-O {[%clk 01:31:46]} {[%emt 00:02:05]} Nbd7 {[%clk 01:31:59]} {[%emt
00:01:25]} 11. a4 {[%clk 01:30:01]} {[%emt 00:02:15]} b6 {[%clk 01:30:16]}
{[%emt 00:02:13]} 12. Rfd1 {[%clk 01:25:37]} {[%emt 00:04:53]} Bb7 {[%clk
01:27:18]} {[%emt 00:03:30]} 13. a5 {[%clk 01:19:02]} {[%emt 00:07:05]} b5
{[%clk 01:19:05]} {[%emt 00:08:43]} 14. Ndxb5 {[%clk 01:18:31]} {[%emt
00:01:01]} axb5 {[%clk 01:19:25]} {[%emt 00:00:10]} 15. Nxb5 {[%clk 01:18:53]}
{[%emt 00:00:08]} Qd8 {[%clk 01:10:22]} {[%emt 00:09:32]} 16. Nxd6+ {[%clk
01:16:25]} {[%emt 00:02:58]} Bxd6 {[%clk 01:10:41]} {[%emt 00:00:12]} 17. Qxd6
{[%clk 01:16:47]} {[%emt 00:00:06]} Rxa5 {[%clk 01:06:26]} {[%emt 00:04:46]} 18.
Bb6 {[%clk 01:14:11]} {[%emt 00:03:06]} Qxb6+ {[%clk 01:03:30]} {[%emt
00:03:26]} 19. Qxb6 {[%clk 01:14:34]} {[%emt 00:00:08]} Nxb6 {[%clk 01:03:36]}
{[%emt 00:00:24]} 20. Rxa5 {[%clk 01:14:58]} {[%emt 00:00:06]} O-O {[%clk
00:56:14]} {[%emt 00:07:52]} 21. c4 {[%clk 01:14:23]} {[%emt 00:01:04]} Rb8
{[%clk 00:34:41]} {[%emt 00:22:03]} 22. b4 {[%clk 01:10:15]} {[%emt 00:04:37]}
Kf8 {[%clk 00:32:36]} {[%emt 00:02:36]} 23. c5 {[%clk 01:09:47]} {[%emt
00:00:57]} Nbd7 {[%clk 00:32:16]} {[%emt 00:00:52]} 24. Rc1 {[%clk 01:09:29]}
{[%emt 00:00:46]} Rc8 {[%clk 00:30:26]} {[%emt 00:02:22]} 25. Ra7 {[%clk
01:09:29]} {[%emt 00:00:28]} Bc6 {[%clk 00:21:18]} {[%emt 00:09:39]} 26. b5
{[%clk 01:06:14]} {[%emt 00:03:45]} Bxb5 {[%clk 00:21:39]} {[%emt 00:00:10]} 27.
Bxb5 {[%clk 01:06:37]} {[%emt 00:00:06]} Rxc5 {[%clk 00:21:55]} {[%emt
00:00:14]} 28. Rxc5 {[%clk 01:06:49]} {[%emt 00:00:19]} Nxc5 {[%clk 00:22:24]}
{[%emt 00:00:01]} 29. e5 {[%clk 01:06:36]} {[%emt 00:00:41]} Nd5 {[%clk
00:22:12]} {[%emt 00:00:43]} 30. Ra8+ {[%clk 01:06:59]} {[%emt 00:00:07]} 1-0